| 000 | 00914mam a2200253 a 4500 | ||
|---|---|---|---|
| 005 | 20131016051958.0 | ||
| 008 | 920302s1997 mauab b 001 0 eng d | ||
| 020 | _a0669416185 | ||
| 041 | 0 | _aeng | |
| 080 |
_a32 _x(47) |
||
| 100 | 1 | _aDeBardeleben, Joan. | |
| 245 | 1 | 0 |
_aRussian politics in transition / _cJoan DeBardeleben. |
| 250 | _a2nd ed. | ||
| 260 |
_aBoston : _bHoughton Mifflin, _cc1997. |
||
| 300 |
_axi, 290 p. : _bill., maps ; _c24 cm. |
||
| 500 | _aPreface f. : IX - XI | ||
| 504 | _aIncludes bibliographical references (p. 267-269) and index. | ||
| 650 | 0 |
_aPolitika botërore _xPolitika dhe qeveria _y1917 - 1992 _zRusia |
|
| 651 | 0 |
_aRussia (Federation) _xPolitics and government _y1991- |
|
| 651 | 0 |
_aRussia _xPolitics and government _y1894-1917. |
|
| 651 | 0 |
_aSoviet Union _xPolitics and government _y1985-1991. |
|
| 700 | 1 |
_aDeBardeleben, Joan. _tSoviet politics in transition. |
|
| 942 |
_2udc _cBK |
||
| 999 |
_c120 _d120 |
||